09621nam a2200313 a 4500001000200000003000900002005001700011008003000028020001800058040002600076082003100102100003700133245009900170250001100269260003500280300003600315500007700351500007300428504003400501505196100535505197302496505192504469505194106394505086208335600003009197650002609227650002409253700003009277 DO-SdBNP20230208084746.0090716s2020 dr r 001 0 spa d a9789945220278 aDO-SdBNPbspacBPMSU  4aRD868.4408bB742C 20202221 aCastellanos, Justo Pedro,d1961-10aAntología del pensamiento de Juan Bosch /cJusto Pedro Castellano; prólogo Pedro Vergés. a4a ed. aSanto Domingo :bBúho,c2020 axxviii, 524 p. :bil. ;c23 cm. aIncluye datos biográficos del autor en la solapa de la contracubierta  aIncluye referencias bibliográficas y notas al pie de las páginas aBibliografía : p. 521-524..0 gPalabras para la tercera edición --tPresentación de la segunda edición /rJaime David Fernández Mirabal --gPalabras para la segunda edición --tPresentación de la primera edición /rLeonel Fernández --gPrólogo /rPedro Vergés --gIntroducción --tUna antología --tEsta antología --tAlgunas precisiones metodológicas --tUna antología del pensamiento de Juan Bosch --tLa obra y el pensamiento de Juan Bosch --gCapitulo I. Del pensamiento filosófico-cultural :tMetafísica y materia --tSobre el tiempo --tSobre la dialéctica; el desarrollo; los cambios --tLos conocimientos científicos --tSobre el fondo y la forma --tSobre la teoría y la práctica --tSobre la lengua; la palabra --tSobre la palabra y la voz humana --tLengua escrita y lengua hablada --tSobre la mente humana y el pensamiento --tSobre la vida humana --tEn torno a la conciencia moral --tLos hombres y un ideal --tLos hombres y sus hechos --tSobre la casualidad --tEn torno a la naturaleza humana --tSobre la felicidad --tEl oro y la paz --tSobre el amor --tEn torno a la amistad --tSobre la soledadtSobre la libertad --tSobre la verdad --tSobre la duda --tTodo el mundo se equivoca --tConocer lo bueno y lo malo --tLo perfecto u lo bueno --tSobre la muerte --tSobre el carácter --tSobre la vocación --tSobre el hombre la mujer y sus relaciones --tSobre los niños --tSobre la educación --tSobre el deporte y su enseñanza --tSobre la televisión y su dominio social --tSobre el locutor y su función social --tSobre la cultura --tCultura e ideología --tSobre la cultura nacional --tCultura y economía --tSobre el arte ; el artista --tTiempo, trabajo y creación artística --tTema y forma en el arte --tSobre la literatura --tSobre la forma y los géneros literarios --tSobre el escritor --tSobre la poesía; el poeta --tSobre el cuento, sus características, sus técnicas --0 tSobre las diferencias entre novela y el cuento ; entre el novelista y el cuentista --tCuentista en la lengua española --tSobre las diferencias entre el periodismo y la literatura; entre el periodista y el literato --tEn torno a la crítica literaria --tSobre la literatura latinoamericana actual --tRuralidad y urbanidad en la literatura latinoamericana --gCapítulo II: Del pensamiento político :tSobre la política --tSobre el adversario o enemigo --tInfiltrar al enemigo --tSobre la vida política en los Estados Unidos de América --tSobre la política internacional --tSobre las relaciones entre la economía y la política --tSobre la guerra --tSobre las guerras de independencia o de liberación nacional y sobre las guerras sociales --tSobre la táctica y la estrategia --tTáctica e ideología en la actividad política --tConciencia e ideología políticas --tLos hombres y sus pueblos --tLa vida de los hombres públicos --tSobre el poder --tLos hombres y el poder --tSobre el caudillaje y el caudillo --tSobre el líder --tSobre el líder y el partido político --tSobre los héroes --tSobre el pueblo, las masas; y sus luchas --tSobre la comunicación con el pueblo, con las masas --tSobre las reformas sociales --tSobre la revolución --tSobre la unidad --tEn torno a la liberación nacional --tSobre la revolución dominicana --tEn torno revolución cubana --tSobre el marxismo --tProgramas, revolución, partidos, clases --tSobre los revolucionarios --tSobre el Estado --tEstado y constitución --tEstado y gobierno --tSobre el gobierno; el gobernante --tEstado, Patria y Nación --tSobre la sustitución del Estado --tSobre el patriotismo --tSobre los regímenes democrático --tLa educación, la cultura y los derechos y deberes de los ciudadanos --tEl pueblo dominicano y la democracia --tSobre la democracia latinoamericana --tSobre el fatalismo latinoamericano --0 aSobre la democracia representativa --tVotar y elegir --tUn partido político --tPartidos políticos, métodos de trabajo y corrupción en el sistema capitalista --tSobre los partidos comunistas --tPartidos comunistas en la República Dominicana --tUn partido comunista y uno de liberación nacional --tSobre el Partido de la Liberación Dominicana PLD --tUn partido de organismos --tUn partido de militantes; de líderes --tLos círculos de estudios --tLos comités de base --tLos comités intermedios --tEl cuerpo de activistas --tLas secretarías y las comisiones del Comité Central --tEl secretariado --tEl Comité Central --tLas elecciones internas; la democracia peledeísta --tSobre los métodos de trabajo --tSobre la base teórica de los métodos de trabajo --tLos métodos de trabajo, la disciplina, los principios, la unidad y la mística --tEl PLD y Vanguardia del Pueblo --tHay que aprender a desconfiar --tHay que tener cuidado con el populismo --tEl PLD y su carisma --gCapítulo III: Del pensamiento económico:tSobre el papel económico del gobierno --tSobre la economía monetaria --tSobre el comercio --tSobre el negocio de los bancos --tSobre el dinero, su valor, su precio, su dueño --tSobre el petróleo y su influencia en la economía mundial --tSobre la economía norteamericana, el dólar y a tasa de interés del dólar --tSobre la influencia mundial de la economía norteamericana --tSobre la economía de guerra norteamericana --tSobre la economía soviética --tEconomía, distribución social de la riqueza y desarrollo --tPara desarrollarnos --tEl país no produce lo que necesita --tSobre la inflación, la espiral inflacionaria --tGastos militares e inflación --tMonopolios e inflación --tSobre la publicidad y la marca como factores inflacionarios --tSobre la desvalorización y la devaluación --0 aSobre la estanflación --tEn torno a la sobrevaluación --tSobre la deuda externa --tCrecimiento y desarrollo --tSobre el Fondo Monetario Internacional (FMI) --tSobre el Banco Central de la República Dominicana --tSobre el presupuesto nacional o ley de gastos públicos --gCapítulo IV: Perfiles Biográficos --gDe personajes del mundo religioso :tDe Samuel --tDe Saúl --tDe David --tDe Judas Iscariote --tDel Apóstol Pedro --gDe personajes del mundo político y del mundo cultural:tDe Anastacio Somoza --tDe Antonio Maceo --tDe Augusto César Sandino --tDe Benito Mussolini --tDe Buenaventura Báez --tDe Carlos III --tDe Carlos Manuel de Céspedes --tDe Carlos Prío Socarrás --tDe Cirilo Villaverde --tDe Eduardo Chibás --tDe Emilio Rodríguez Demorizi --tDe Enrique José Varona --tDe Ernesto-Ché-Guevara --tDe Eugenio María de Hostos, su vida y obra --tDe Federico García Godoy --tDe Felipe V --tDe Félix de Varela --tDe Fernando VI --tDe Fernando Ortiz --tDe Fidel Castro --tDe Francisco de Miranda --tDe Francis Drake --tDe Franklin Delano Roosevelt --tDe Francisco del Rosario Sánchez --tDe Fulgencio Batista --tDe Gabriel García Márquez y su obra narrativa --tDe Gaspar Polanco --tDe Gerardo Machado --tDe Gregorio Luperón --tDe Harry Truman --tDe Hirohito --tDe Ignacio Cervantes --tDe Isaías Medina Angarita --tDe Joaquín Balaguer --tDe José Antonio Páez --tDe José de la Luz y Caballero --tDe José-Pepe-Figueres --tDe José Martí --tDe José María Heredia --tDe José Tomás Boves --tDe Juan Domingo Perón --tDe Juan Marinello y su obra --tDe Juan Pablo Duarte --tDe Juan Vicente Gómez (y de Cipriano Castro) --tDe Juan Trotsky y sus ideas --tDe Leonardo Ruíz Pineda --tDe Luis XIV --tDe Luis Llorens Torres y su obra --tDe Manuel Del Cabral --tDe Marco Aurelio --tDe Marcos Pérez Jiménez --0 tDe Máximo Gómez --tDe Monteverde --tDe Nicolás Guillén --tDe Nicolás Ruíz Espadero --tDe Pablo Neruda y su obra poética --tDe Pedro Henríquez Ureña --tDe Pedro Mir y su obra poética --tDe Pedro Santana --tRafael Leonidas Trujillo --tDe Ramón-Mon- Cáceres --tDe Ramón Grau San Martín --tDe Rómulo Betancourt --tDe Rómulo Gallegos y su obra --tDe Rubén Darío --tDe Simón Bolivar, su persona, su personalidad. --tSu relación con Simón Rodríguez --tSu relación Con Francisco de Miranda --tSu vida militar --tA favor de la guerra de independencia contra la guerra social --tSus ideas políticas --tSu gloria, su final --tDe Tomás Bobadilla --tDe Toussaint Louverture --tDe Ulises Heureaux-Lilís --tDe Virgilio Díaz Grullón y su cuentística --tDe Vladimir Lenin --gBibliografía.10a Bosch, Juan, d1909-2001 4aPensamiento crítico 4aEnsayos dominicanos1 aVergés, Pedro,epról.